000 00786cab a2200241 4500
001 ABS58557
008 090401t1998 xxu||||| |||| 00| 0 eng d
035 _a(Sirsi) u85501
041 _aeng
100 _aClark, K.
245 _aConservation plans: a guide for the perplexed
260 _c1998
350 _a0
490 _aContext
_v(57) March 1998, 7-10(4)
520 _aConcise guide on conservation plans, documents that assess the historical and archaeological aspects of a site or building and determines why it is significant and how it should be preserved. Model plan given. References.
650 _aCONSERVATION PLANS
650 _aHERITAGE LOTTERY FUND
650 _aPPG15
650 _aPPG16
690 _aCONSERVATION
942 _n0
948 _c08/04/1998
999 _c53764
_d53764